000 00925cab a2200253 4500
001 ABS53533
008 090401t1995 xxu||||| |||| 00| 0 eng d
035 _a(Sirsi) u4965
041 _aeng
100 _aChappell, D.
245 _aLegal round up - global claims
260 _c1995
350 _a0
490 _aArchitects` Journal
_v202(9) 7 September 1995, 38(1)
520 _aReviewstwo decisions on global claims - "British Airways Pension Trustees v Sir Robert McAlpine & Sons and others" and "GMTC Tools and Equipment v Yuasa Warwick Machinery".
650 _aBRITISH AIRWAYS PENSION TRUSTEES V SIR ROBERT MCALPINE
650 _aCONTRACTUAL CLAIMS
650 _aGLOBAL CLAIMS
650 _aGMTC TOOLS AND EQUIPMENT V YUASA WARWICK MACHINERY
650 _aJCT STANDARD FORM OF BUILDING CONTRACT (1980 EDITION)
690 _aBUILT ENVIRONMENT-BUILDING CONTRACT FORMS
942 _n0
948 _c04/03/1997
999 _c2996
_d2996